| 000 | 01259nam a2200385 i 4500 | ||
|---|---|---|---|
| 003 | CO-BoRNBP | ||
| 005 | 20220317001336.0 | ||
| 007 | ta | ||
| 008 | 210811s2005 ck er 000 pdspa d | ||
| 020 | _a9789583801174 | ||
| 020 | _a9583801178 | ||
| 040 |
_aCO-BoRNBP _bspa _erda _cCO-BoRNBP |
||
| 041 | 0 | _aspa | |
| 043 | _as-ck--- | ||
| 084 | _aP CHA5 | ||
| 100 | 1 |
_aCharry Lara, Fernando _d1920-2004 _eautor |
|
| 245 | 1 | 0 |
_aPoesía reunida _cFernando Charry Lara |
| 250 | _aPrimera edición | ||
| 250 | _aSegunda edición | ||
| 264 | 1 |
_aBogotá _bFondo de Cultura Económica _c2005 |
|
| 300 |
_a131 páginas _c21 cm |
||
| 336 |
_atexto _btxt _2rdacontent |
||
| 337 |
_asin mediación _bn _2rdamedia |
||
| 338 |
_avolumen _bnc _2rdacarrier |
||
| 490 | 0 | _aTierra firme | |
| 505 | 0 | 0 |
_tNocturnos y otros sueños (1949) _tLos adioses (1963) _tPensamientos del amante (1981) |
| 521 | _aRecomendado para un público adulto | ||
| 545 | _aIncluye datos biográficos del autor en la contracarátula | ||
| 650 | 1 | 7 |
_aPoesía colombiana _ySiglo XX _2LEMB |
| 650 | 1 | 7 |
_aLiteratura colombiana _ySiglo XX _2LEMB |
| 650 | 1 | 7 |
_aAutores colombianos _ySiglo XX _2LEMB |
| 650 | 1 | 7 |
_aJardines _vPoesía _2LEMB |
| 650 | 1 | 7 |
_aSueños _vPoesía _2LEMB |
| 942 |
_2loc _cBKLIT |
||
| 999 |
_c6671 _d6671 |
||